000 00383 a2200157 4500
020 _a0074632256
082 _a658.15
090 _c6748
_d6748
100 _aM Y Khan
245 _aFinancial Management.
_bText and Problem.
_cM Y Khan
250 _a3rd
260 _aNew Delhi
_bTata McGraw-Hill
_c2001.
300 _a202p.
500 _aPaper cover
942 _aNBS
_cBK
_k658.15 KHA
999 _c349097
_d349097